Normal view
MARC view
Entry Meeting Name
001 - CONTROL NUMBER
- control field: 27710
003 - CONTROL NUMBER IDENTIFIER
- control field: ARRUPE
005 - DATE AND TIME OF LATEST TRANSACTION
- control field: 20161129120840.0
008 - FIXED-LENGTH DATA ELEMENTS
- fixed length control field: 161129|| aca||aabn | a|a d
040 ## - CATALOGING SOURCE
- Original cataloging agency: ARRUPE
- Transcribing agency: ARRUPE
111 ## - HEADING--MEETING NAME
- Meeting name or jurisdiction name as entry element: Symposium for Actors and Actresses
- Date of meeting: (1978 :
- Location of meeting: Los Angeles, Calif.)
670 ## - SOURCE DATA FOUND
- Source citation: Work cat.: (ARRUPE)0: Norman Beil 27702, The Actor's manual :, c1980.